000 02498cam a22003255a 4500
001 18831430
005 20171030145621.0
008 151024t2015 at a frb 001 0 eng d
010 _a 2015473581
020 _a9781107656628
035 _a(OCoLC)ocn905541155
040 _aAU@
_beng
_cAU@
_dBTCTA
_dCDX
_dYDXCP
_dOCLCO
_dTRUCL
_dOCLCF
_dLTSCA
_dCHVBK
_dGBVCP
_dOCL
_dZ5M
_dOCLCQ
_dOLC
_dDLC
_dEG-ScBUE
082 0 4 _a658.45
_bCOM
_222
245 0 0 _aCommunication skills for business professionals /
_cPhillip Cenere ... [et al.]
250 _a1st ed.
260 _aPort Melbourne :
_bCambridge University Press,
_cc.2015.
300 _axxii, 433 p. :
_bill. (chiefly col.) ;
_c25 cm.
500 _aRecord machine-generated from publisher information.
504 _aIncludes bibliographical references and index.
505 0 _aMachine generated contents note: ch. 1 Introduction: communication in organisations -- Learning objectives -- Introduction -- The importance of communication in organisations -- Communication is about empowerment -- Employer expectations -- Employer perceptions -- Studying business communication skills -- Chapter summary -- Key terms -- Review questions -- Tutorial guide -- Further reading -- References -- ch. 2 Organisations: structure and culture -- Learning objectives -- Introduction -- Definition of an organisation -- Organisational structures -- Formal organisations -- Informal organisations -- Summary of organisational structures -- Organisational communication -- Organisational culture -- Advanced section -- Chapter summary -- Key terms -- Review questions -- Tutorial guide -- Further reading -- References -- ch. 3 Communication as a process -- Learning objectives -- Introduction -- Defining communication -- Process of communication -- Purpose/goal of communication.
520 _aCommunication Skills for Business Professionals is a student-friendly introduction to the principles and practice of effective communication in the workplace. Engagingly written and full of real-life examples, it explains the key theories underpinning communication strategies and encourages students to consider how to apply them in a contemporary business environment.
650 7 _aCommunication in management.
_2BUEsh
650 7 _aBusiness communication.
_2BUEsh
650 7 _aBusiness communication
_xStudy and teaching.
_2BUEsh
651 _2BUEsh
653 _bENGGEN
_cOctober2017
655 _vText book
_933728
700 1 _aCenere, Phillip.
942 _2ddc
999 _c25524
_d25496